Une lettre suffit pour répondre juste #31 (attention 10 lettres tuent) - Statistiques

Statistiques générales
  • Ce quiz a été pris 56 fois
  • Le résultat moyen est 2 sur 6
Statistiques - réponses
Hint Réponse % Correct
Donne une des 5 lettres du mot qui désigne La Brabançonne en Belgique, Fratelli d'Italia en Italie et The Star-Spangled Banner aux États-Unis HYMNE
100%
Donne une des 4 lettres qui complète la chanson "L’Envie" de Johnny Hallyday On m'a trop donné bien avant l'envie J'ai oublié les rêves et les mercis Toutes ces choses qui avaient un ???? PRIX
78%
Donne une des 3 lettres du nom de cette série TV française : _ _ _ !
CUT
12%
Donne la lettre qui complète le mot qui la désigne en espagnol et qui se prononce comme un r raclé du fond de la gorge (mais est quasiment muet en fin de mot) : _ ota J
12%
Donne une des 2 lettres qui désigne la mise hors de combat d'un adversaire en boxe ou en sport de combat KO
12%
Donne la lettre qui est présente 2 fois dans le nom de l'artiste dont voici quelques uns de ses titres : Je suis un homme Rodéo Rue de la paix Un point c'est toi Z (Zazie)
12%
Aucun quiz correspondant
Distribution des résultats
% des personnes avec chaque résultat
Percentile par nombre de réponses
Votre historique - résultats
Vous n’avez pas pris ce quiz